Cuentos argentinos (Record no. 20711)
[ view plain ]
| 000 -LEADER | |
|---|---|
| campo de control de longitud fija | 01086nmc a2200337 a 4500 |
| 003 - IDENTIFICADOR DE NÚMERO DE CONTROL | |
| campo de control | AR-BaBNM |
| 005 - FECHA Y HORA DE LA ÚLTIMA TRANSACCIÓN | |
| campo de control | 20251128211702.0 |
| 008 - DATOS DE LONGITUD FIJA--INFORMACIÓN GENERAL | |
| campo de control de longitud fija | 135020s2001 ||||||||||||||000 | spa|| |
| 020 ## - NÚMERO INTERNACIONAL ESTÁNDAR DEL LIBRO | |
| Número Internacional Estándar del Libro | 950-9394-35-1 |
| 040 ## - FUENTE DE CATALOGACIÓN | |
| Centro/agencia transcriptor | AR-BaBNM |
| 245 10 - MENCIÓN DEL TÍTULO | |
| Título | Cuentos argentinos |
| 260 ## - PUBLICACIÓN, DISTRIBUCIÓN, ETC. | |
| Lugar de publicación, distribución, etc. | Buenos Aires |
| Nombre del editor, distribuidor, etc. | Cámara Argentina del Libro |
| Fecha de publicación, distribución, etc. | 2001 |
| Nombre del editor, distribuidor, etc. | Secretaría de Cultura y Medios de Comunicación de la Nación |
| 300 0# - DESCRIPCIÓN FÍSICA | |
| Extensión | 126 p. |
| 490 #0 - MENCIÓN DE SERIE | |
| Mención de serie | Vamos a leer |
| 505 ## - NOTA DE CONTENIDO CON FORMATO | |
| Título | Ovidio |
| Mención de responsabilidad | Bioy Casares, Adolfo |
| 505 ## - NOTA DE CONTENIDO CON FORMATO | |
| Título | Tlön, Uqbar, Orbis Tertius |
| Mención de responsabilidad | Borges, Jorge Luis |
| 505 ## - NOTA DE CONTENIDO CON FORMATO | |
| Título | Las doce a Bragado |
| Mención de responsabilidad | Conti, Haroldo |
| 505 ## - NOTA DE CONTENIDO CON FORMATO | |
| Título | El otro cielo |
| Mención de responsabilidad | Cortázar, Julio |
| 505 ## - NOTA DE CONTENIDO CON FORMATO | |
| Título | Caballo en el salitral |
| Mención de responsabilidad | Di Benedetto, Antonio |
| 505 ## - NOTA DE CONTENIDO CON FORMATO | |
| Título | En la montaña |
| Mención de responsabilidad | Gallardo, Sara |
| 505 ## - NOTA DE CONTENIDO CON FORMATO | |
| Título | La causa justa |
| Mención de responsabilidad | Lamborghini, Osvaldo |
| 505 ## - NOTA DE CONTENIDO CON FORMATO | |
| Título | Esa mujer |
| Mención de responsabilidad | Walsh, Rodolfo |
| 650 #4 - PUNTO DE ACCESO ADICIONAL DE MATERIA--TÉRMINO DE MATERIA | |
| Término de materia o nombre geográfico como elemento de entrada | LITERATURA ARGENTINA |
| 650 #4 - PUNTO DE ACCESO ADICIONAL DE MATERIA--TÉRMINO DE MATERIA | |
| Término de materia o nombre geográfico como elemento de entrada | ANTOLOGIAS |
| 650 #4 - PUNTO DE ACCESO ADICIONAL DE MATERIA--TÉRMINO DE MATERIA | |
| Término de materia o nombre geográfico como elemento de entrada | CUENTOS |
| 650 #4 - PUNTO DE ACCESO ADICIONAL DE MATERIA--TÉRMINO DE MATERIA | |
| Término de materia o nombre geográfico como elemento de entrada | LITERATURA CONTEMPORANEA |
| 655 ## - TERMINO DE INDIZACIÓN--GENERO/FORMA | |
| Datos o término principal de género/forma | LITERATURA |
| 700 1# - ENTRADA AGREGADA--NOMBRE PERSONAL | |
| Nombre de persona | Saavedra, Guillermo |
| Término indicativo de función/relación | compilador |
| 942 ## - ELEMENTOS DE ENTRADA SECUNDARIOS (KOHA) | |
| Tipo de ítem Koha | Libros |
| 998 ## - INFORMACIÓN DE CONTROL LOCAL (RLIN) | |
| Iniciales del catalogador, CIN (RLIN) | martin |
| Estatus retirado | Estado de pérdida | Fuente de la clasificación o esquema de estantería | Estado de daño | Restricciones de uso | No para préstamo | Biblioteca de origen | Biblioteca actual | Fecha de adquisición | Total de préstamos | Signatura topográfica completa | Código de barras | Visto por última vez | Precio de reemplazo | Tipo de ítem Koha |
|---|---|---|---|---|---|---|---|---|---|---|---|---|---|---|
| Clasificación Decimal Dewey | Acceso restringido | No para préstamo | Liberty | Liberty | 28/11/2025 | 860[82]-82 SAA | 138566 | 28/11/2025 | 28/11/2025 | Libros |